La generación del 98 en el repertorio americano de Joaquín García Monge (1919-1947)

Guardat en:
Dades bibliogràfiques
Autor principal: González Zúñiga, Julián Alberto
Format: Llibre
Idioma:Undetermined
Publicat: San José, Costa Rica Universidad de Costa Rica, Sistema de Estudios de Posgrado 1998
Matèries:
Etiquetes: Afegir etiqueta
Sense etiquetes, Sigues el primer a etiquetar aquest registre!

MARC

LEADER 00000nam a2200000Ia 4500
008 170316s9999 xx 000 0 und d
999 |c 30836  |d 30836 
040 |a cru BVZT 
090 |a TESIS 860 
100 |a González Zúñiga, Julián Alberto 
245 |a La generación del 98 en el repertorio americano de Joaquín García Monge (1919-1947) 
260 |a San José, Costa Rica  |b Universidad de Costa Rica, Sistema de Estudios de Posgrado  |c 1998 
300 |a 317 páginas 
500 |a Presenta tabla de contenidos 
650 |a MÁSTER EN LITERATURA 
650 |a TRABAJO FINAL DE GRADUACIÓN  |9 237 
650 |a ANTOLOGÍA  |9 80 
650 |a JOAQUÍN GARCÍA MONGE 
942 |c TFG  |h TESIS 860  |2 z